Boscoss Bridge course for PCMB (Record no. 240125)

MARC details
000 -LEADER
fixed length control field 00349nam a2200133Ia 4500
005 - DATE AND TIME OF LATEST TRANSACTION
control field 20250729165806.0
008 - FIXED-LENGTH DATA ELEMENTS--GENERAL INFORMATION
fixed length control field 250729s2012 xx 000 0 und d
041 ## - LANGUAGE CODE
Language code of text/sound track or separate title eng
082 ## - DEWEY DECIMAL CLASSIFICATION NUMBER
Classification number 560 BOSB
100 ## - MAIN ENTRY--PERSONAL NAME
Personal name Bosco SS
9 (RLIN) 233125
245 ## - TITLE STATEMENT
Title Boscoss Bridge course for PCMB
260 ## - PUBLICATION, DISTRIBUTION, ETC.
Place of publication, distribution, etc. Mangalore
Name of publisher, distributor, etc. Boscoss Publication
Date of publication, distribution, etc. 2012
650 ## - SUBJECT ADDED ENTRY--TOPICAL TERM
Topical term or geographic name entry element Science
9 (RLIN) 233126
Holdings
Withdrawn status Lost status Damaged status Not for loan Home library Current library Date acquired Source of acquisition Total Checkouts Full call number Barcode Date last seen Price effective from Koha item type
        St Aloysius Library St Aloysius Library 07/29/2025 Management Book   560 BOSB BED05444 07/29/2025 07/29/2025 Book